| 000 | nam a22 7a 4500 | ||
|---|---|---|---|
| 999 |
_c129789 _d129789 |
||
| 008 | 190904b xxu||||| |||| 00| 0 eng d | ||
| 050 | _aSPC. DT1.I81 | ||
| 100 |
_aIsingizwe, Bonaparte _948024 |
||
| 245 |
_aComplementary between Kant and Lonergan on objective knowledge _ba deontic epistemic analysis _cBonaparte, Isingizwe |
||
| 260 |
_aHarare _bArrupe Jesuit University _c2018 |
||
| 300 |
_avi, 90p. ; _c31cm. |
||
| 500 | _aThesis | ||
| 600 |
_aKant, Immanuel _948025 |
||
| 600 |
_aLonergan, Bernard F. _948026 |
||
| 650 |
_aKnowledge, Theory of _948027 |
||
| 942 |
_2lcc _cSPC |
||